Normal view
MARC view
- MS Thesis IT
Entry Topical Term
001 - CONTROL NUMBER
- control field: 22927
003 - CONTROL NUMBER IDENTIFIER
- control field: NUST
005 - DATE AND TIME OF LATEST TRANSACTION
- control field: 20191007103313.0
008 - FIXED-LENGTH DATA ELEMENTS
- fixed length control field: 191007|| aca||aabn | a|a d
040 ## - CATALOGING SOURCE
- Original cataloging agency: NUST
- Transcribing agency: NUST
150 ## - HEADING--TOPICAL TERM
- Topical term or geographic name entry element: MS Thesis IT
670 ## - SOURCE DATA FOUND
- Source citation: Work cat.: (NUST): Fatima, Iram 22926, Refinement Methodology for Automatic Document Alignment using Taxonomy in Digital Libraries /, 2009.
